LIBRARY & INFORMATION CENTRE, KCAET, TAVANUR

ONLINE PUBLIC ACCESS CATALOGUE (OPAC)

Ground work at precies / (Record no. 12437)

MARC details
000 -LEADER
fixed length control field 00347cam a2200145ua 4500
041 ## - LANGUAGE CODE
Language code of text/sound track or separate title eng
082 ## - DEWEY DECIMAL CLASSIFICATION NUMBER
Classification number 425
Item number GLA/GR
100 ## - MAIN ENTRY--AUTHOR NAME
Personal name Glassery, Stanley .
245 ## - TITLE STATEMENT
Title Ground work at precies /
260 ## - PUBLICATION, DISTRIBUTION, ETC. (IMPRINT)
Place of publication :
Name of publisher Claredon press ,
Year of publication 1961.
300 ## - PHYSICAL DESCRIPTION
Number of Pages 158 ; .
942 ## - ADDED ENTRY ELEMENTS (KOHA)
Koha item type Books
Holdings
Withdrawn status Lost status Damaged status Home library Current library Date acquired Cost, normal purchase price Full call number Accession Number Koha item type Public note
Withdrawn     KAUAET Sanskrit University 07/04/2012 7.00 425 6571 Books Transferred to Sanskrit University
free website counter